[Event "Hoogeveen Open"]
[Site "Hoogeveen, Netherlands"]
[Date "2018.10.22"]
[Round "3.27"]
[White "Pham, Khoi"]
[Black "Klaren, Duncan"]
[Result "0-1"]
[WhiteElo "2153"]
[BlackElo "1950"]

1. e4 {[%clk 01:30:57]} {[%emt 00:00:02]} c5 {[%clk 01:30:56]} {[%emt
00:00:06]} 2. Nf3 {[%clk 01:31:21]} {[%emt 00:00:06]} d6 {[%clk 01:31:22]}
{[%emt 00:00:04]} 3. d4 {[%clk 01:31:45]} {[%emt 00:00:05]} cxd4 {[%clk
01:31:48]} {[%emt 00:00:04]} 4. Nxd4 {[%clk 01:32:10]} {[%emt 00:00:05]} Nf6
{[%clk 01:32:14]} {[%emt 00:00:05]} 5. Nc3 {[%clk 01:32:30]} {[%emt 00:00:10]}
a6 {[%clk 01:32:39]} {[%emt 00:00:05]} 6. h3 {[%clk 01:32:55]} {[%emt
00:00:04]} e5 {[%clk 01:33:04]} {[%emt 00:00:05]} 7. Nde2 {[%clk 01:33:21]}
{[%emt 00:00:04]} h5 {[%clk 01:33:30]} {[%emt 00:00:05]} 8. Bg5 {[%clk
01:33:42]} {[%emt 00:00:08]} Be6 {[%clk 01:33:56]} {[%emt 00:00:04]} 9. Bxf6
{[%clk 01:34:02]} {[%emt 00:00:10]} Qxf6 {[%clk 01:34:20]} {[%emt 00:00:05]} 10.
Nd5 {[%clk 01:34:22]} {[%emt 00:00:10]} Qd8 {[%clk 01:34:46]} {[%emt 00:00:05]}
11. Qd3 {[%clk 01:34:45]} {[%emt 00:00:07]} Nc6 {[%clk 01:34:35]} {[%emt
00:00:42]} 12. O-O-O {[%clk 01:34:34]} {[%emt 00:00:40]} Rc8 {[%clk 01:34:37]}
{[%emt 00:00:28]} 13. Qa3 {[%clk 01:19:36]} {[%emt 00:15:28]} g6 {[%clk
01:30:41]} {[%emt 00:04:26]} 14. Kb1 {[%clk 01:17:16]} {[%emt 00:02:51]} Bg7
{[%clk 01:05:14]} {[%emt 00:25:56]} 15. Nec3 {[%clk 01:12:01]} {[%emt
00:05:45]} O-O {[%clk 01:01:54]} {[%emt 00:03:50]} 16. Ne3 {[%clk 01:08:37]}
{[%emt 00:03:54]} Nd4 {[%clk 01:00:23]} {[%emt 00:02:01]} 17. Bd3 {[%clk
01:05:04]} {[%emt 00:04:03]} b5 {[%clk 00:54:23]} {[%emt 00:06:30]} 18. Ncd5
{[%clk 01:04:26]} {[%emt 00:01:08]} Ra8 {[%clk 00:18:11]} {[%emt 00:36:41]} 19.
c3 {[%clk 01:04:03]} {[%emt 00:00:54]} Nc6 {[%clk 00:18:35]} {[%emt 00:00:07]}
20. g4 {[%clk 00:59:35]} {[%emt 00:04:57]} h4 {[%clk 00:18:39]} {[%emt
00:00:27]} 21. Be2 {[%clk 00:59:01]} {[%emt 00:01:04]} Qb8 {[%clk 00:16:10]}
{[%emt 00:02:58]} 22. Nb4 {[%clk 00:51:52]} {[%emt 00:07:39]} Qb7 {[%clk
00:13:29]} {[%emt 00:03:10]} 23. Ned5 {[%clk 00:47:09]} {[%emt 00:05:14]} Rfc8
{[%clk 00:12:19]} {[%emt 00:01:40]} 24. Qb3 {[%clk 00:31:59]} {[%emt 00:15:40]}
Na5 {[%clk 00:11:35]} {[%emt 00:01:14]} 25. Qc2 {[%clk 00:30:31]} {[%emt
00:01:58]} Nc4 {[%clk 00:11:25]} {[%emt 00:00:40]} 26. Bxc4 {[%clk 00:29:57]}
{[%emt 00:01:04]} Rxc4 {[%clk 00:11:38]} {[%emt 00:00:17]} 27. b3 {[%clk
00:28:58]} {[%emt 00:01:29]} Rc5 {[%clk 00:11:43]} {[%emt 00:00:25]} 28. Ne3
{[%clk 00:22:58]} {[%emt 00:06:30]} Rac8 {[%clk 00:11:28]} {[%emt 00:00:45]} 29.
Nbd5 {[%clk 00:22:31]} {[%emt 00:00:57]} Bh6 {[%clk 00:11:21]} {[%emt
00:00:37]} 30. b4 {[%clk 00:18:49]} {[%emt 00:04:12]} R5c6 {[%clk 00:10:21]}
{[%emt 00:01:31]} 31. Rhe1 {[%clk 00:16:21]} {[%emt 00:02:57]} a5 {[%clk
00:07:40]} {[%emt 00:03:12]} 32. Qb2 {[%clk 00:13:08]} {[%emt 00:03:42]} axb4
{[%clk 00:05:59]} {[%emt 00:02:11]} 33. cxb4 {[%clk 00:12:09]} {[%emt
00:01:29]} Bg5 {[%clk 00:05:49]} {[%emt 00:00:40]} 34. a3 {[%clk 00:02:26]}
{[%emt 00:10:14]} Qa7 {[%clk 00:04:57]} {[%emt 00:01:21]} 35. Rd3 {[%clk
00:01:54]} {[%emt 00:01:02]} Bxd5 {[%clk 00:02:30]} {[%emt 00:02:57]} 36. Nxd5
{[%clk 00:02:06]} {[%emt 00:00:18]} Rc2 {[%clk 00:02:48]} {[%emt 00:00:12]} 37.
Qxc2 {[%clk 00:01:14]} {[%emt 00:01:21]} Rxc2 {[%clk 00:03:15]} {[%emt
00:00:04]} 38. Kxc2 {[%clk 00:01:34]} {[%emt 00:00:11]} Qxf2+ {[%clk 00:03:42]}
{[%emt 00:00:03]} 39. Kd1 {[%clk 00:01:53]} {[%emt 00:00:10]} Qb2 {[%clk
00:03:56]} {[%emt 00:00:16]} 40. Ne3 {[%clk 00:00:40]} {[%emt 00:01:43]} d5
{[%clk 00:01:42]} {[%emt 00:02:44]} 41. Rxd5 {[%clk 00:14:11]} {[%emt
00:16:59]} Qxa3 {[%clk 00:31:47]} {[%emt 00:00:25]} 0-1

[Event "Hoogeveen Open"]
[Site "Hoogeveen, Netherlands"]
[Date "2018.10.22"]
[Round "3.28"]
[White "Thrish, Karthik"]
[Black "Emans, Job"]
[Result "1-0"]
[WhiteElo "2116"]
[BlackElo "1927"]

1. e4 {[%clk 01:30:46]} {[%emt 00:00:13]} e6 {[%clk 01:30:32]} {[%emt
00:00:29]} 2. d4 {[%clk 01:30:53]} {[%emt 00:00:21]} d5 {[%clk 01:30:54]}
{[%emt 00:00:09]} 3. Nc3 {[%clk 01:31:19]} {[%emt 00:00:04]} Nf6 {[%clk
01:31:18]} {[%emt 00:00:07]} 4. Bg5 {[%clk 01:29:54]} {[%emt 00:01:54]} Be7
{[%clk 01:31:31]} {[%emt 00:00:17]} 5. e5 {[%clk 01:30:20]} {[%emt 00:00:04]}
Nfd7 {[%clk 01:31:55]} {[%emt 00:00:06]} 6. Bxe7 {[%clk 01:30:47]} {[%emt
00:00:04]} Qxe7 {[%clk 01:32:20]} {[%emt 00:00:05]} 7. Nb5 {[%clk 01:31:11]}
{[%emt 00:00:05]} Qd8 {[%clk 01:32:44]} {[%emt 00:00:06]} 8. c3 {[%clk
01:31:11]} {[%emt 00:00:31]} a6 {[%clk 01:32:48]} {[%emt 00:00:25]} 9. Na3
{[%clk 01:31:36]} {[%emt 00:00:04]} c5 {[%clk 01:33:05]} {[%emt 00:00:14]} 10.
Bd3 {[%clk 01:29:51]} {[%emt 00:02:15]} Nc6 {[%clk 01:32:11]} {[%emt 00:01:24]}
11. Qg4 {[%clk 01:15:43]} {[%emt 00:14:38]} O-O {[%clk 01:26:14]} {[%emt
00:06:27]} 12. Nf3 {[%clk 01:09:53]} {[%emt 00:06:20]} h6 {[%clk 01:17:26]}
{[%emt 00:09:17]} 13. O-O {[%clk 01:01:43]} {[%emt 00:08:40]} b5 {[%clk
01:14:03]} {[%emt 00:03:53]} 14. Nc2 {[%clk 00:53:36]} {[%emt 00:08:38]} c4
{[%clk 01:09:12]} {[%emt 00:05:21]} 15. Be2 {[%clk 00:52:39]} {[%emt 00:01:27]}
a5 {[%clk 01:09:31]} {[%emt 00:00:11]} 16. a3 {[%clk 00:43:03]} {[%emt
00:10:06]} Qe7 {[%clk 01:07:28]} {[%emt 00:02:33]} 17. Nh4 {[%clk 00:38:33]}
{[%emt 00:05:00]} Nb6 {[%clk 01:01:29]} {[%emt 00:06:29]} 18. f4 {[%clk
00:35:32]} {[%emt 00:03:31]} Na4 {[%clk 00:55:03]} {[%emt 00:06:55]} 19. Rab1
{[%clk 00:27:06]} {[%emt 00:08:57]} b4 {[%clk 00:52:52]} {[%emt 00:02:41]} 20.
Rf3 {[%clk 00:21:03]} {[%emt 00:06:32]} Rb8 {[%clk 00:46:54]} {[%emt 00:06:28]}
21. Rg3 {[%clk 00:15:34]} {[%emt 00:06:00]} f5 {[%clk 00:34:00]} {[%emt
00:13:24]} 22. Qh5 {[%clk 00:13:02]} {[%emt 00:03:02]} Kh7 {[%clk 00:33:03]}
{[%emt 00:01:27]} 23. Ng6 {[%clk 00:11:17]} {[%emt 00:02:15]} Qf7 {[%clk
00:33:20]} {[%emt 00:00:12]} 24. Nxf8+ {[%clk 00:10:52]} {[%emt 00:00:55]} Qxf8
{[%clk 00:33:47]} {[%emt 00:00:04]} 25. axb4 {[%emt 00:00:07]} axb4 {[%clk
00:33:45]} {[%emt 00:00:31]} 26. cxb4 {[%clk 00:09:49]} {[%emt 00:01:57]} Nxb4
{[%clk 00:33:44]} {[%emt 00:00:31]} 27. Nxb4 {[%clk 00:08:02]} {[%emt
00:02:18]} Rxb4 {[%clk 00:34:06]} {[%emt 00:00:07]} 28. b3 {[%clk 00:05:30]}
{[%emt 00:03:02]} c3 {[%clk 00:19:28]} {[%emt 00:15:08]} 29. Rc1 {[%clk
00:04:58]} {[%emt 00:01:02]} Rxb3 {[%clk 00:16:48]} {[%emt 00:03:10]} 30. Bd1
{[%clk 00:04:36]} {[%emt 00:00:52]} Rb4 {[%clk 00:16:07]} {[%emt 00:01:11]} 31.
Bxa4 {[%clk 00:04:38]} {[%emt 00:00:27]} Rxa4 {[%clk 00:15:22]} {[%emt
00:01:16]} 32. Qg6+ {[%clk 00:04:36]} {[%emt 00:00:32]} Kh8 {[%clk 00:15:36]}
{[%emt 00:00:15]} 33. Rgxc3 {[%clk 00:04:48]} {[%emt 00:00:19]} Ba6 {[%clk
00:13:23]} {[%emt 00:02:43]} 34. Rc7 {[%clk 00:03:21]} {[%emt 00:01:57]} Rxd4
{[%clk 00:11:38]} {[%emt 00:02:15]} 35. Qxe6 {[%clk 00:02:49]} {[%emt
00:01:02]} Rxf4 {[%clk 00:09:51]} {[%emt 00:02:16]} 36. Qxa6 {[%emt 00:01:07]}
1-0

[Event "Hoogeveen Open"]
[Site "Hoogeveen, Netherlands"]
[Date "2018.10.22"]
[Round "3.30"]
[White "Biermann, Florian"]
[Black "Oord, Raymon"]
[Result "1/2-1/2"]
[WhiteElo "2024"]
[BlackElo "1900"]

1. c4 {[%clk 01:30:56]} {[%emt 00:00:03]} c6 {[%clk 01:24:45]} {[%emt
00:06:16]} 2. d4 {[%clk 01:30:30]} {[%emt 00:00:55]} d5 {[%clk 01:24:49]}
{[%emt 00:00:26]} 3. Qc2 {[%clk 01:30:54]} {[%emt 00:00:06]} Nf6 {[%clk
01:24:41]} {[%emt 00:00:38]} 4. Nf3 {[%clk 01:30:47]} {[%emt 00:00:37]} g6
{[%clk 01:19:45]} {[%emt 00:05:26]} 5. Bf4 {[%clk 01:18:23]} {[%emt 00:12:54]}
Nh5 {[%clk 01:06:19]} {[%emt 00:13:56]} 6. Be5 {[%clk 01:13:04]} {[%emt
00:05:49]} f6 {[%clk 01:04:08]} {[%emt 00:02:42]} 7. Bg3 {[%clk 01:13:14]}
{[%emt 00:00:20]} Nxg3 {[%clk 01:02:21]} {[%emt 00:02:16]} 8. hxg3 {[%clk
01:13:20]} {[%emt 00:00:23]} Bf5 {[%clk 00:55:11]} {[%emt 00:07:40]} 9. Qb3
{[%clk 01:09:56]} {[%emt 00:03:55]} Qb6 {[%clk 00:51:38]} {[%emt 00:04:03]} 10.
e3 {[%clk 01:02:48]} {[%emt 00:07:39]} e6 {[%clk 00:42:14]} {[%emt 00:09:53]}
11. Nc3 {[%clk 00:58:37]} {[%emt 00:04:41]} g5 {[%clk 00:38:59]} {[%emt
00:03:46]} 12. Be2 {[%clk 00:54:20]} {[%emt 00:04:46]} Nd7 {[%clk 00:34:12]}
{[%emt 00:05:17]} 13. Nd2 {[%clk 00:48:30]} {[%emt 00:06:20]} Bg6 {[%clk
00:25:34]} {[%emt 00:09:07]} 14. Bg4 {[%clk 00:40:46]} {[%emt 00:08:15]} f5
{[%clk 00:20:11]} {[%emt 00:05:53]} 15. Be2 {[%clk 00:39:38]} {[%emt 00:01:38]}
Bg7 {[%clk 00:18:03]} {[%emt 00:02:38]} 16. f4 {[%clk 00:36:32]} {[%emt
00:03:35]} g4 {[%clk 00:16:05]} {[%emt 00:02:28]} 17. c5 {[%clk 00:35:10]}
{[%emt 00:01:53]} Qxb3 {[%clk 00:14:19]} {[%emt 00:02:17]} 18. Nxb3 {[%clk
00:35:16]} {[%emt 00:00:24]} Kf7 {[%clk 00:13:03]} {[%emt 00:01:45]} 19. Kf2
{[%clk 00:33:03]} {[%emt 00:02:42]} h5 {[%clk 00:12:44]} {[%emt 00:00:49]} 20.
Na5 {[%clk 00:32:24]} {[%emt 00:01:10]} Rab8 {[%clk 00:11:10]} {[%emt
00:02:03]} 21. b4 {[%clk 00:26:38]} {[%emt 00:06:16]} Bf6 {[%clk 00:09:24]}
{[%emt 00:02:17]} 22. Rac1 {[%clk 00:26:10]} {[%emt 00:00:58]} Bd8 {[%clk
00:08:14]} {[%emt 00:01:39]} 23. Rb1 {[%clk 00:21:28]} {[%emt 00:05:12]} Bc7
{[%clk 00:04:55]} {[%emt 00:03:48]} 24. Rb2 {[%clk 00:19:17]} {[%emt 00:02:43]}
Nf6 {[%clk 00:03:55]} {[%emt 00:01:30]} 25. a4 {[%clk 00:17:42]} {[%emt
00:02:05]} Rhe8 {[%clk 00:03:30]} {[%emt 00:00:54]} 26. Rc1 {[%clk 00:14:06]}
{[%emt 00:04:07]} a6 {[%clk 00:02:45]} {[%emt 00:01:15]} 27. Nb3 {[%clk
00:13:29]} {[%emt 00:01:07]} Ra8 {[%clk 00:01:30]} {[%emt 00:01:45]} 28. Ra1
{[%clk 00:13:43]} {[%emt 00:00:16]} Ra7 {[%clk 00:01:23]} {[%emt 00:00:37]} 29.
Nc1 {[%clk 00:13:33]} {[%emt 00:00:40]} Ne4+ {[%clk 00:01:17]} {[%emt
00:00:36]} 30. Nxe4 {[%clk 00:13:54]} {[%emt 00:00:09]} fxe4 {[%clk 00:01:39]}
{[%emt 00:00:08]} 31. Na2 {[%clk 00:13:48]} {[%emt 00:00:36]} Kf6 {[%clk
00:01:47]} {[%emt 00:00:22]} 32. Nc3 {[%clk 00:13:53]} {[%emt 00:00:25]} Rea8
{[%clk 00:01:53]} {[%emt 00:00:23]} 33. Ke1 {[%clk 00:12:52]} {[%emt 00:01:31]}
Be8 {[%clk 00:01:59]} {[%emt 00:00:24]} 34. Kd2 {[%clk 00:12:45]} {[%emt
00:00:38]} Ke7 {[%clk 00:01:45]} {[%emt 00:00:44]} 35. Rab1 {[%clk 00:12:51]}
{[%emt 00:00:25]} b5 {[%clk 00:01:03]} {[%emt 00:01:11]} 36. cxb6 {[%clk
00:12:42]} {[%emt 00:00:39]} Bxb6 {[%clk 00:01:24]} {[%emt 00:00:08]} 37. a5
{[%clk 00:10:25]} {[%emt 00:02:48]} Bc7 {[%clk 00:01:08]} {[%emt 00:00:46]} 38.
Na4 {[%clk 00:10:37]} {[%emt 00:00:18]} Bd6 {[%clk 00:00:45]} {[%emt 00:00:53]}
39. Nc5 {[%clk 00:11:02]} {[%emt 00:00:05]} Bxc5 {[%clk 00:00:39]} {[%emt
00:00:36]} 40. bxc5 {[%clk 00:11:23]} {[%emt 00:00:08]} Bd7 {[%clk 00:00:39]}
{[%emt 00:00:31]} 41. Rb8 {[%clk 00:06:25]} {[%emt 00:05:27]} Bc8 {[%clk
00:22:58]} {[%emt 00:08:12]} 42. R8b6 {[%clk 00:33:31]} {[%emt 00:03:24]} Bd7
{[%clk 00:21:53]} {[%emt 00:01:34]} 43. Rb7 {[%clk 00:33:23]} {[%emt 00:00:39]}
Kd8 {[%clk 00:17:11]} {[%emt 00:05:11]} 44. Rxa7 {[%clk 00:32:09]} {[%emt
00:01:46]} Rxa7 {[%clk 00:17:39]} {[%emt 00:00:01]} 45. Rb6 {[%clk 00:32:28]}
{[%emt 00:00:10]} Kc7 {[%clk 00:17:15]} {[%emt 00:00:55]} 46. Bxa6 {[%clk
00:32:09]} {[%emt 00:00:50]} Ra8 {[%clk 00:10:49]} {[%emt 00:06:55]} 47. Kc3
{[%clk 00:29:55]} {[%emt 00:02:44]} Ra7 {[%clk 00:06:21]} {[%emt 00:04:58]} 48.
Kb4 {[%clk 00:30:01]} {[%emt 00:00:24]} Be8 {[%clk 00:06:27]} {[%emt 00:00:23]}
49. Be2 {[%clk 00:30:20]} {[%emt 00:00:11]} Bd7 {[%clk 00:06:24]} {[%emt
00:00:34]} 50. a6 {[%clk 00:30:15]} {[%emt 00:00:35]} Be8 {[%clk 00:06:05]}
{[%emt 00:00:49]} 51. Ka5 {[%clk 00:30:22]} {[%emt 00:00:22]} Bd7 {[%clk
00:04:45]} {[%emt 00:01:50]} 52. Rb1 {[%clk 00:29:41]} {[%emt 00:01:11]} Be8
{[%clk 00:04:48]} {[%emt 00:00:27]} 53. Rh1 {[%clk 00:29:35]} {[%emt 00:00:36]}
Ra8 {[%clk 00:03:42]} {[%emt 00:01:37]} 54. Bxg4 {[%clk 00:25:02]} {[%emt
00:05:03]} hxg4 {[%clk 00:03:57]} {[%emt 00:00:14]} 55. Rh7+ {[%clk 00:25:27]}
{[%emt 00:00:06]} Bd7 {[%clk 00:02:47]} {[%emt 00:01:40]} 56. Rg7 {[%clk
00:25:30]} {[%emt 00:00:27]} Ra7 {[%clk 00:02:51]} {[%emt 00:00:26]} 57. Rxd7+
{[%clk 00:23:45]} {[%emt 00:02:15]} Kxd7 {[%clk 00:03:12]} {[%emt 00:00:08]} 58.
Kb6 {[%clk 00:24:10]} {[%emt 00:00:05]} Rc7 {[%clk 00:01:46]} {[%emt 00:01:57]}
59. a7 {[%clk 00:21:32]} {[%emt 00:03:08]} Rc8 {[%clk 00:01:51]} {[%emt
00:00:25]} 60. Kb7 {[%clk 00:21:38]} {[%emt 00:00:24]} Rc7+ {[%clk 00:01:29]}
{[%emt 00:00:51]} 61. Kb8 {[%clk 00:21:50]} {[%emt 00:00:18]} Rc8+ {[%clk
00:01:49]} {[%emt 00:00:11]} 62. Kb7 {[%emt 00:00:38]} Ra8 {[%emt 00:00:18]} 63.
Kb6 {[%emt 00:00:01]} Rc8 {[%emt 00:00:01]} 64. Ka6 {[%emt 00:00:01]} Ra8
{[%emt 00:00:04]} 65. Kb7 {[%emt 00:00:06]} Kd8 1/2-1/2

[Event "Hoogeveen Open"]
[Site "Hoogeveen, Netherlands"]
[Date "2018.10.22"]
[Round "3.31"]
[White "Achuthan, Dylan"]
[Black "Minko, Dmitry"]
[Result "0-1"]
[WhiteElo "1751"]
[BlackElo "2011"]

1. Nf3 {[%clk 01:30:57]} {[%emt 00:00:02]} d5 {[%clk 01:00:59]} {[%emt
00:54:53]} 2. b3 {[%clk 01:31:13]} {[%emt 00:00:13]} c5 {[%clk 00:59:14]}
{[%emt 00:02:14]} 3. Bb2 {[%clk 01:31:34]} {[%emt 00:00:09]} Bf5 {[%clk
00:58:47]} {[%emt 00:00:58]} 4. e3 {[%clk 01:30:52]} {[%emt 00:01:12]} Nf6
{[%clk 00:46:09]} {[%emt 00:13:08]} 5. Bb5+ {[%clk 01:30:14]} {[%emt 00:01:08]}
Nbd7 {[%clk 00:45:11]} {[%emt 00:01:28]} 6. O-O {[%clk 01:30:18]} {[%emt
00:00:26]} a6 {[%clk 00:42:24]} {[%emt 00:03:18]} 7. Bxd7+ {[%clk 01:30:28]}
{[%emt 00:00:19]} Qxd7 {[%clk 00:41:56]} {[%emt 00:00:57]} 8. Ne5 {[%clk
01:30:07]} {[%emt 00:00:52]} Qc8 {[%clk 00:27:55]} {[%emt 00:14:31]} 9. d3
{[%clk 01:28:44]} {[%emt 00:01:53]} Nd7 {[%clk 00:23:40]} {[%emt 00:04:46]} 10.
f4 {[%clk 01:27:30]} {[%emt 00:01:43]} Nxe5 {[%clk 00:20:55]} {[%emt 00:03:15]}
11. Bxe5 {[%clk 01:25:28]} {[%emt 00:02:32]} d4 {[%clk 00:20:53]} {[%emt
00:00:33]} 12. e4 {[%clk 01:23:25]} {[%emt 00:02:32]} Bg4 {[%clk 00:16:58]}
{[%emt 00:04:25]} 13. Qe1 {[%clk 01:23:43]} {[%emt 00:00:12]} f6 {[%clk
00:17:10]} {[%emt 00:00:18]} 14. f5 {[%clk 01:23:40]} {[%emt 00:00:34]} Bh5
{[%clk 00:17:19]} {[%emt 00:00:19]} 15. Bf4 {[%clk 01:23:03]} {[%emt 00:01:08]}
e5 {[%clk 00:16:55]} {[%emt 00:00:55]} 16. Bc1 {[%clk 01:19:40]} {[%emt
00:03:53]} Qc6 {[%clk 00:15:34]} {[%emt 00:01:51]} 17. Nd2 {[%clk 01:15:52]}
{[%emt 00:04:17]} Bd6 {[%clk 00:15:29]} {[%emt 00:00:34]} 18. Qh4 {[%clk
01:14:03]} {[%emt 00:02:19]} Bf7 {[%clk 00:15:40]} {[%emt 00:00:20]} 19. Qg3
{[%clk 01:13:04]} {[%emt 00:01:30]} Rg8 {[%clk 00:15:00]} {[%emt 00:01:10]} 20.
Qh3 {[%clk 01:12:25]} {[%emt 00:01:07]} Ke7 {[%clk 00:11:30]} {[%emt 00:04:01]}
21. Qf3 {[%clk 01:07:54]} {[%emt 00:05:00]} Raf8 {[%clk 00:11:14]} {[%emt
00:00:48]} 22. Rf2 {[%clk 01:06:45]} {[%emt 00:01:39]} Kd8 {[%clk 00:09:46]}
{[%emt 00:01:58]} 23. Nf1 {[%clk 01:06:07]} {[%emt 00:01:07]} Kc7 {[%clk
00:09:50]} {[%emt 00:00:26]} 24. Ng3 {[%clk 01:05:17]} {[%emt 00:01:20]} Kd7
{[%clk 00:07:21]} {[%emt 00:03:00]} 25. a4 {[%clk 01:05:05]} {[%emt 00:00:42]}
b5 {[%clk 00:07:15]} {[%emt 00:00:36]} 26. axb5 {[%clk 01:01:43]} {[%emt
00:03:52]} axb5 {[%clk 00:07:44]} {[%emt 00:00:01]} 27. Ba3 {[%clk 01:00:43]}
{[%emt 00:01:30]} Ra8 {[%clk 00:07:14]} {[%emt 00:01:00]} 28. Rff1 {[%clk
01:00:28]} {[%emt 00:00:44]} Ra6 {[%clk 00:07:18]} {[%emt 00:00:26]} 29. Qg4
{[%clk 00:57:57]} {[%emt 00:03:01]} Ke7 {[%clk 00:04:46]} {[%emt 00:03:03]} 30.
Rfb1 {[%clk 00:44:16]} {[%emt 00:14:11]} Rga8 {[%clk 00:03:27]} {[%emt
00:01:48]} 31. Bb2 {[%clk 00:42:39]} {[%emt 00:02:07]} Rxa1 {[%clk 00:03:56]}
{[%emt 00:00:01]} 32. Rxa1 {[%clk 00:42:08]} {[%emt 00:01:00]} Rxa1+ {[%clk
00:04:25]} {[%emt 00:00:02]} 33. Bxa1 {[%clk 00:42:37]} {[%emt 00:00:01]} Qa6
{[%clk 00:04:36]} {[%emt 00:00:18]} 34. Qd1 {[%emt 00:01:18]} Qa2 {[%clk
00:04:36]} 35. Qc1 {[%clk 00:42:36]} {[%emt 00:00:14]} c4 {[%clk 00:04:20]}
{[%emt 00:00:46]} 36. bxc4 {[%clk 00:42:23]} {[%emt 00:00:42]} Ba3 {[%clk
00:04:35]} {[%emt 00:00:15]} 37. Qe1 {[%clk 00:41:58]} {[%emt 00:00:55]} bxc4
{[%clk 00:04:03]} {[%emt 00:01:02]} 38. Ne2 {[%clk 00:38:56]} {[%emt 00:03:32]}
Qxc2 {[%clk 00:03:30]} {[%emt 00:01:03]} 39. Qa5 {[%clk 00:38:16]} {[%emt
00:01:10]} Qb1+ {[%clk 00:03:13]} {[%emt 00:00:47]} 40. Kf2 {[%clk 00:38:30]}
{[%emt 00:00:16]} Qxa1 {[%clk 00:03:16]} {[%emt 00:00:26]} 41. Qc7+ {[%clk
00:38:35]} {[%emt 00:00:25]} Kf8 {[%clk 00:03:42]} {[%emt 00:00:04]} 0-1

[Event "Hoogeveen Open"]
[Site "Hoogeveen, Netherlands"]
[Date "2018.10.22"]
[Round "3.32"]
[White "Bleeker, Kasper"]
[Black "Biermann, Lenhard"]
[Result "0-1"]
[WhiteElo "1891"]
[BlackElo "2153"]

1. e4 {[%clk 01:30:56]} {[%emt 00:00:02]} e6 {[%clk 01:30:58]} {[%emt
00:00:04]} 2. d4 {[%clk 01:31:18]} {[%emt 00:00:07]} d5 {[%clk 01:31:25]}
{[%emt 00:00:03]} 3. Bd3 {[%clk 01:31:40]} {[%emt 00:00:07]} c5 {[%clk
01:30:46]} {[%emt 00:01:10]} 4. exd5 {[%clk 01:30:43]} {[%emt 00:01:27]} exd5
{[%clk 01:26:27]} {[%emt 00:04:49]} 5. Nf3 {[%clk 01:29:40]} {[%emt 00:01:32]}
Nf6 {[%clk 01:26:12]} {[%emt 00:00:45]} 6. O-O {[%clk 01:30:01]} {[%emt
00:00:10]} Be7 {[%clk 01:26:06]} {[%emt 00:00:36]} 7. Re1 {[%clk 01:30:11]}
{[%emt 00:00:20]} O-O {[%clk 01:26:27]} {[%emt 00:00:09]} 8. b3 {[%clk
01:28:48]} {[%emt 00:01:53]} Bg4 {[%clk 01:25:16]} {[%emt 00:01:42]} 9. Bb2
{[%clk 01:27:08]} {[%emt 00:02:09]} cxd4 {[%clk 01:24:53]} {[%emt 00:00:53]} 10.
Bxd4 {[%clk 01:25:59]} {[%emt 00:01:38]} Nc6 {[%clk 01:25:11]} {[%emt
00:00:13]} 11. Bb2 {[%clk 01:25:01]} {[%emt 00:01:28]} Qb6 {[%clk 01:17:59]}
{[%emt 00:07:41]} 12. Nc3 {[%clk 01:17:29]} {[%emt 00:08:03]} Rad8 {[%clk
01:12:44]} {[%emt 00:05:45]} 13. h3 {[%clk 01:02:50]} {[%emt 00:15:09]} Bh5
{[%clk 01:09:36]} {[%emt 00:03:38]} 14. g4 {[%clk 00:57:00]} {[%emt 00:06:19]}
Bg6 {[%clk 01:08:57]} {[%emt 00:01:09]} 15. Qe2 {[%clk 00:44:14]} {[%emt
00:13:16]} Rfe8 {[%clk 01:05:43]} {[%emt 00:03:44]} 16. Bxg6 {[%clk 00:33:05]}
{[%emt 00:11:39]} hxg6 {[%clk 01:05:29]} {[%emt 00:00:45]} 17. Qb5 {[%clk
00:32:57]} {[%emt 00:00:39]} Qc7 {[%clk 00:42:22]} {[%emt 00:23:34]} 18. g5
{[%clk 00:23:26]} {[%emt 00:10:03]} a6 {[%clk 00:42:08]} {[%emt 00:00:44]} 19.
Qd3 {[%clk 00:14:20]} {[%emt 00:09:37]} Nb4 {[%clk 00:41:01]} {[%emt 00:01:36]}
20. Rxe7 {[%clk 00:11:07]} {[%emt 00:03:43]} Rxe7 {[%clk 00:35:23]} {[%emt
00:06:08]} 21. gxf6 {[%clk 00:05:54]} {[%emt 00:05:42]} Nxd3 {[%clk 00:32:34]}
{[%emt 00:03:20]} 22. fxe7 {[%clk 00:06:17]} {[%emt 00:00:07]} Nxb2 {[%clk
00:22:27]} {[%emt 00:10:37]} 23. exd8=Q+ Qxd8 {[%clk 00:21:18]} 24. Ne2 {[%clk
00:06:42]} {[%emt 00:01:58]} Qc8 {[%clk 00:20:21]} {[%emt 00:01:28]} 25. Ned4
{[%clk 00:06:41]} {[%emt 00:00:31]} Qxh3 {[%clk 00:19:18]} {[%emt 00:01:32]} 26.
Rb1 {[%clk 00:06:28]} {[%emt 00:00:44]} g5 {[%clk 00:19:11]} {[%emt 00:00:36]}
27. Rxb2 {[%emt 00:01:47]} g4 {[%clk 00:19:23]} {[%emt 00:00:17]} 28. Nh2
{[%clk 00:02:59]} {[%emt 00:02:44]} Qc3 {[%clk 00:19:39]} {[%emt 00:00:14]} 29.
Rb1 {[%clk 00:03:23]} {[%emt 00:00:06]} Qxd4 {[%clk 00:20:05]} {[%emt
00:00:03]} 30. Re1 {[%clk 00:03:22]} {[%emt 00:00:31]} g3 {[%clk 00:20:09]}
{[%emt 00:00:26]} 31. Re3 {[%clk 00:02:07]} {[%emt 00:01:45]} gxh2+ {[%clk
00:20:20]} {[%emt 00:00:19]} 32. Kxh2 {[%clk 00:02:36]} g6 {[%clk 00:20:38]}
{[%emt 00:00:13]} 33. Kg3 {[%clk 00:03:02]} {[%emt 00:00:04]} Kg7 {[%clk
00:21:01]} {[%emt 00:00:06]} 34. c3 {[%clk 00:03:22]} {[%emt 00:00:11]} Qd2
{[%clk 00:21:23]} {[%emt 00:00:08]} 35. a4 {[%clk 00:03:48]} {[%emt 00:00:04]}
Qd1 {[%clk 00:21:28]} {[%emt 00:00:25]} 36. b4 {[%clk 00:02:41]} {[%emt
00:01:38]} Qxa4 {[%clk 00:20:19]} {[%emt 00:01:38]} 0-1